000 00822nam a2200265 i 4500
001 000012863
003 DO-SdBNP
005 20250213082607.0
007 ta
008 091118s1981 dr 000 f spa d
040 _aDO-SdBNP
_bspa
_cBNPHU
_erda
082 _aRD863.44
_bP433c
_222
100 1 _aPerdomo, Miguel Aníbal,
_d1949-
_eautor
_96428
245 1 0 _aCuatro esquinas tiene el viento /
_cMiguel Anibal Perdomo.
264 _aSanto Domingo :
_bAlfa y Omega,
_c1981.
300 _a130 paginas ;
_c23 cm.
336 _2rdacontent
_atexto
_btxt
337 _2rdamedia
_asin mediación
_bn
338 _2rdacarrier
_avolumen
_bnc
590 _aInventariado, 2020/VM
650 0 _aNovela dominicana
_9223
650 0 _aLiteratura dominicana.
_967
910 _aValidado. Control de calidad MMOLINA
942 _2ddc
_cLBS1
999 _c12511
_d12511